000 00259nam a2200097Ia 4500
001 1117865
005 20250827004114.0
008 250824s9999 xx 000 0 und d
245 0 _aSADRÜŞŞERİA W16 6
_cSEZAİ BEKDEMİR
260 _bHİKMETEVİ YAYINLARI
999 _c1117865
_d1117865